000 00360 a2200109 4500
001 ART_23949
005 20260410161933.0
008 260409a
245 1 0 _aEl teorema de Rybczynki con funciones de producción de coeficientes fijos
100 1 _aPablo, Juan Carlos de
773 0 _tInforme
_g- Año VIII, Nº 49 (oct./dic. 1976)
_wREV23765
999 _c28751
_d28751